|
|
|
|
| LEADER |
00000nab a2200000 a 4500 |
| 001 |
vtls000781319 |
| 003 |
SK-MaSNL |
| 005 |
20260304113752.0 |
| 008 |
250429c2001 xo 0 slo |
| 015 |
|
|
|a SNBRB2002/02-06736
|
| 035 |
|
|
|a CLN000133052
|
| 035 |
|
|
|a urn:nbn:sk:snk-ab77l7
|
| 035 |
|
|
|a (uuid)2b19d256-d9eb-423e-90ab-97e00b040549
|
| 035 |
|
|
|a (urnnbn)urn:nbn:sk:snk:ar-a073q6
|
| 035 |
|
|
|a (sysno)vtls000781319
|
| 040 |
|
|
|a SNKBUCL
|b slo
|c SNKBUCL
|e AACR2
|
| 041 |
0 |
|
|a slo
|
| 044 |
|
|
|a xo
|c SK
|
| 080 |
|
|
|a 336.211.3
|2 1997
|
| 100 |
1 |
|
|a Harušťáková, Iveta
|4 aut
|9 491371
|
| 245 |
1 |
0 |
|a Zdaňovanie stavieb
|c Iveta Harušťáková
|
| 650 |
0 |
7 |
|a daň zo stavieb
|2 snkbucl
|9 849148
|
| 655 |
|
7 |
|a články z novín a časopisov
|2 snkbucl
|9 267496
|
| 773 |
0 |
|
|t Manažment, mzdy a financie
|g Roč. 8, č. 24 (2001), s. 22-31
|x 1335-4329
|
| 850 |
|
|
|a Slovenská národná knižnica
|
| 852 |
|
|
|a Slovenská národná knižnica
|
| 954 |
|
|
|a odborná, vedecká literatúra pôvodná (slovenská)
|2 lita
|
| 958 |
|
|
|a article2022
|
| 958 |
|
|
|a OND
|
| 958 |
|
|
|a SK
|
| 958 |
|
|
|a EUIPO
|
| 999 |
|
|
|c 2870710
|d 2872640
|